| 000 | 00581nmm a2200169Ia 4500 | ||
|---|---|---|---|
| 008 | 251105s9999||||xx |||||||||||||||||und|| | ||
| 020 | _a9789562825009 | ||
| 041 | _aspa | ||
| 100 | _aGabriel Salazar. Julio Pinto | ||
| 245 | 0 | _aHistoria contemporánea de Chile, Vol. 3. La economía: mercados, empresarios y trabajadores (2ª ed.) | |
| 264 |
_a[Santiago de Chile, Chile] : _bLOM Ediciones, _c2002 |
||
| 300 | _a190 páginas | ||
| 490 | _aHistoria | ||
| 650 | _aHistory of the Americas: Latin America | ||
| 856 | _uhttps://public.digitaliapublishing.com/a/18298 | ||
| 942 | _cCF | ||
| 999 |
_c94301 _d94301 |
||